| 000 -LEADER |
| fixed length control field |
00766cam a22002654a 4500 |
| 020 ## - INTERNATIONAL STANDARD BOOK NUMBER |
| ISBN |
9781555814250 |
| 020 ## - INTERNATIONAL STANDARD BOOK NUMBER |
| ISBN |
1555814255 |
| 040 ## - CATALOGING SOURCE |
| Transcribing agency |
DLC |
| 082 00 - DEWEY DECIMAL CLASSIFICATION NUMBER |
| Classification number |
616 ASM 2009 A083 Or. |
| 245 00 - TITLE STATEMENT |
| Title |
Clinical virology / |
| 250 ## - EDITION STATEMENT |
| Edition statement |
3rd ed. |
| 260 ## - PUBLICATION, DISTRIBUTION, ETC. (IMPRINT) |
| Place of publication |
Washington, DC : |
| Name of publisher |
ASM Press, |
| Year of publication |
c2009. |
| 300 ## - PHYSICAL DESCRIPTION |
| Number of Pages |
xvi, 1375 p., [24] p. of plates : |
| Other physical details |
ill. (some col.), maps (some col.) ; |
| Dimensions |
29 cm. |
| 650 #0 - SUBJECT ADDED ENTRY--TOPICAL TERM |
| Topical Term |
Virus diseases. |
| 650 #0 - SUBJECT ADDED ENTRY--TOPICAL TERM |
| Topical Term |
Diagnostic virology. |
| 650 12 - SUBJECT ADDED ENTRY--TOPICAL TERM |
| Topical Term |
Virus Diseases |
| 650 12 - SUBJECT ADDED ENTRY--TOPICAL TERM |
| Topical Term |
Virus Diseases |
| 650 22 - SUBJECT ADDED ENTRY--TOPICAL TERM |
| Topical Term |
Antiviral Agents |
| 650 22 - SUBJECT ADDED ENTRY--TOPICAL TERM |
| Topical Term |
Viruses |
| 700 1# - ADDED ENTRY--PERSONAL NAME |
| Personal name |
Richman, Douglas D. |
| 700 1# - ADDED ENTRY--PERSONAL NAME |
| Personal name |
Whitley, Richard J. |
| 700 1# - ADDED ENTRY--PERSONAL NAME |
| Personal name |
Hayden, Frederick G. |
| 856 41 - ELECTRONIC LOCATION AND ACCESS |
| Uniform Resource Identifier |
http://www.loc.gov/catdir/toc/ecip0818/2008019983.html |
| 942 ## - ADDED ENTRY ELEMENTS (KOHA) |
| Koha item type |
សៀវភៅភាសាអង់គ្លេស |
| 952 ## - LOCATION AND ITEM INFORMATION (KOHA) |
| Withdrawn status [LOCAL, KOHA] |
0 |